| 000 | nam a22 7a 4500 | ||
|---|---|---|---|
| 999 |
_c27133 _d27133 |
||
| 008 | 170207b xxu||||| |||| 00| 0 eng d | ||
| 020 | _a9780023530609 | ||
| 050 | _aLB1028.3 .H45 1993 | ||
| 100 | _aHeinich,Robert | ||
| 245 |
_aInstructional media and the new technologies of instruction / _cRobert Heinich; Michael Molenda; James D. Russell |
||
| 260 |
_a New York : _b Maxwell Macmillan International, _c©1993. |
||
| 300 |
_axv,463p. : _bill. ; _c28cm. |
||
| 500 | _aincludes index. | ||
| 650 | _a Educational technology. | ||
| 650 | _a Audio-visual education. | ||
| 700 | _aMolenda,Michael | ||
| 700 | _aRussel,James D. | ||
| 942 |
_2lcc _cBOOKS _hLB1028.3 .H45 1993 |
||